MARC

Tag First Indicator Second Indicator Subfields
LEADER 00000cam a2200000 i 4500
001 in00004339023
005 20211120105550.0
006 m o d f
007 cr |||||||||||
008 200708s2015 cauab jo f000 0 eng c
035 |a (OCoLC)on1163922639 
042 |a pcc 
043 |a n-us--- 
040 |a GPO  |b eng  |e rda  |e pn  |c GPO  |d MvI 
049 |a WWW 
074 |a 0612 (online) 
086 0 |a I 49.2:D 71 
245 0 0 |a Don Edwards San Francisco Bay National Wildlife Refuge :  |b Alviso. 
264 1 |a Alviso, CA :  |b U.S. Fish & Wildlife Service, Environmental Education Center, Don Edwards San Francisco Bay, National Wildlife Refuge,  |c 2015. 
300 |a 1 online resource (20 pages) :  |b illustrations (some color), one color map 
336 |a text  |b txt  |2 rdacontent 
337 |a computer  |b c  |2 rdamedia 
338 |a online resource  |b cr  |2 rdacarrier 
500 |a "Junior Refuge Ranger." 
500 |a "February 2015"--Page 4 of cover. 
588 |a Description based on online resource; title from PDF cover (FWS, viewed June 22, 2020). 
651 0 |a Don Edwards San Francisco Bay National Wildlife Refuge (Calif.)  |v Juvenile literature. 
650 0 |a Habitat (Ecology)  |z California  |z Don Edwards San Francisco Bay National Wildlife Refuge  |v Juvenile literature. 
650 0 |a Animals  |z California  |z Don Edwards San Francisco Bay National Wildlife Refuge  |v Juvenile literature. 
650 0 |a Plants  |z California  |z Don Edwards San Francisco Bay National Wildlife Refuge  |v Juvenile literature. 
710 2 |a U.S. Fish and Wildlife Service,  |e issuing body. 
856 4 0 |u https://purl.fdlp.gov/GPO/gpo136541  |t 0 
999 f f |s 457b6bd3-cca1-3bf7-851b-31a55eb5533d  |i abceb81b-e83a-3a1c-b5ce-feeb24904505  |t 0 
952 f f |a Texas A&M University  |b College Station  |c Electronic Resources  |d Available Online  |t 0  |e I 49.2:D 71  |h Superintendent of Documents classification 
998 f f |a I 49.2:D 71  |t 0  |l Available Online